Philadelphia Phillies 2025 Roster - Statistics

General Stats
  • This quiz has been taken 96 times
  • The average score is 22 of 33
Answer Stats
Jersey # Pos Player % Correct
3 1B Bryce Harper
100%
5 2B Bryson Stott
98%
16 CF Brandon Marsh
97%
10 C J.T. Realmuto
92%
7 SS Trea Turner
92%
12 LF Kyle Schwarber
90%
45 P Zack Wheeler
89%
28 3B Alec Bohm
87%
27 P Aaron Nola
85%
59 BP Jhoan Duran
85%
8 RF Nick Castellanos
85%
17 LF Max Kepler
84%
61 P Cristopher Sanchez
80%
33 2B Edmundo Sosa
80%
55 P Ranger Suarez
80%
2 LF Harrison Bader
75%
13 C Rafael Marchan
74%
99 P Taijuan Walker
72%
21 C Garrett Stubbs
69%
44 P Jesus Luzardo
67%
4 1B Otto Kemp
66%
37 LF Weston Wilson
62%
25 BP Matt Strahm
61%
46 BP Jose Alvarado
59%
50 BP Orion Kerkering
57%
68 BP Jordan Romano
41%
58 BP Tanner Banks
41%
60 BP Max Lazar
34%
48 BP Daniel Robert
33%
30 BP David Robertson
33%
54 BP Tim Mayza
20%
18 2B Donovan Walton
16%
57 BP Lou Trivino
15%
No matching quizzes found
Score Distribution
Percent of People with Each Score
Percentile by Number Answered
Your Score History
You have not taken this quiz